000 01492nam a22002777a 4500
999 _c65766
_d65766
005 20240530110842.0
008 200915s2020 ua a g b 000 0 ara d
017 _a2019/16385
_bمصر. دار الكتب
020 _a978977053720
040 _aEG-CaGPL
_cEG-CaGPL
082 0 4 _221
_a155.4/
_bم د
245 0 0 _aدليل او نماذج وبروفايلات الاطفال فى سن المدرسة =
_bManual or the ASEB & School Age Forms & Profiles : القائمة المرجعية لسلوك الطفل فى سن 6 - 18 سنة : نموذج التقرير المدرسى التقرير الذاتى للشباب : نظام متكامل للتقييم متعدد الاخباريين /
_cتقديم وترجمة محمد احمد محمود خطاب ؛ تحرير Thomas M. Achenbach
250 0 1 _aManual or the ASEB & School Age Forms & Profiles
260 _aالقاهرة :
_bمكتبة الانجلو المصرية ،
_c2020.
300 _a430 ص . :
_bجداول ؛
_c24 سم +
_eملاحق.
504 _aيشتمل على ارجاعات ببليوجرافية
650 0 7 _2qrmak
_aعلم النفس التربوى
650 0 7 _2qrmak
_aالاطفال
_xعلم نفس
650 0 7 _2qrmak
_aتعليم الاطفال
650 0 7 _2qrmak
_aالاطفال
_xرعاية
651 _2qrmak
700 0 _aمحمد احمد محمود خطاب
_eمقدم ومترجم
700 1 _aAchenbach، Thomas M.
942 _2ddc
_cBK